000 00475nmm a2200169Ia 4500
008 251105s9999||||xx |||||||||||||||||und||
020 _a9788468739748
041 _aspa
100 _aMckay, Emily
245 0 _aSu único deseo
264 _a[Madrid, España] :
_bHarlequin,
_c[Fecha de publicación no identificada]
300 _a0 páginas
490 _a'A sus órdenes'
650 _aRomance
856 _uhttps://public.digitaliapublishing.com/a/92506
942 _cCF
999 _c84076
_d84076